| 000 | 00452ntaaa2200181 4500 | ||
|---|---|---|---|
| 003 | 01 | ||
| 005 | 20251027202418.0 | ||
| 008 | 0714s1973 ag 01 | ||
| 040 |
_aAR-BaBN _bspa _cAR-BaBN _eaacr _dRIC |
||
| 082 | _a286.7000 W58 | ||
| 100 | _aWhite, Elena G de | ||
| 245 | _aPalabras de vida del gran maestro | ||
| 250 | _a2 ed. | ||
| 260 |
_aBuenos Aires : _bCasa Editora Sudamericana, _c1960 |
||
| 300 | _a411 p | ||
| 500 | _aAdventista | ||
| 942 | _cBK | ||
| 999 |
_c19035 _d19035 |
||